Find the Real Languages Quiz Stats

 Plays Quiz Updated Mar 29, 2019

Score 0/40 Timer 03:00
2 Plays Today
% Correct
English
96.2%
Portuguese
93.3%
Russian
93.3%
Afrikaans
93.2%
Latin
93.2%
Mandarin
93.1%
Vietnamese
90.4%
Albanian
86.9%
Icelandic
86.5%
Kurdish
85.9%
Catalan
84.2%
Aramaic
82.4%
Urdu
79.8%
Malay
77.8%
Bengali
77.8%
Mongolian
77.7%
Slovak
75.3%
Ukrainian
74.9%
Hawaiian
72.6%
Tagalog
72.2%
% Correct
Bosnian
70.6%
Khmer
69%
Uzbek
68.2%
Georgian
67.8%
Tajik
67.8%
Kyrgyz
66.1%
Romansh
64%
Belorussian
62.8%
Fijian
61.3%
Coptic
60.1%
Turkmen
58.1%
Kikongo
56.6%
Palauan
55.1%
Dzongkha
54.5%
Kinyarwanda
54.1%
Wu
53.4%
Nauruan
50.9%
Xiang
50.6%
Marshallese
46.9%
Luxembourgish
46.3%

You're not logged in!

Compare scores with friends on all Sporcle quizzes.
OR
Log In

Sporcle TV

Today on Sporcle TV


Watch our educational content, quiz creation guides, and fun videos on Sporcle TV.

Show Comments

Extras

Top Quizzes Today


Score Distribution

Your Account Isn't Verified!

In order to create a playlist on Sporcle, you need to verify the email address you used during registration. Go to your Sporcle Settings to finish the process.

Report this User

Report this user for behavior that violates our Community Guidelines.

Details: